LEADER 01056nam--2200373---450- 001 990003423800203316 005 20100708094109.0 010 $a978-0-231-14531-2 035 $a000342380 035 $aUSA01000342380 035 $a(ALEPH)000342380USA01 035 $a000342380 100 $a20100708d2010----km-y0itay50------ba 101 $aeng 102 $aUS 105 $a||||||||001yy 200 1 $a<> portable Cixous$fedited by Marta Segarra 210 $aNew York$cColumbia University Press$d2010 215 $aIX, 310 p.$d23 cm 225 2 $aEuropean perspectives 410 0$12010$aEuropean perspectives 600 1 $aCixous,$bHélène$2BNCF 606 0 $2BNCF 676 $a848.91409 702 1$aSEGARRA,$bMarta 801 0$aIT$bsalbc$gISBD 912 $a990003423800203316 951 $aVI.4.B. 935$b4293 L.G.$cVI.4.B.$d00280356 959 $aBK 969 $aUMA 979 $aMARTUCCIEL$b90$c20100708$lUSA01$h0937 979 $aMARTUCCIEL$b90$c20100708$lUSA01$h0941 996 $aPortable Cixous$91109380 997 $aUNISA LEADER 01012nam0-22003131i-450 001 990001750440403321 005 20190423124024.0 010 $a88-7220-028-8 035 $a000175044 035 $aFED01000175044 035 $a(Aleph)000175044FED01 035 $a000175044 100 $a20030910d1991----km-y0itay50------ba 101 0 $aita 200 1 $aAgrinformatica 1991$fIstituto Nazionale di Economia Agraria 210 $aVerona$cL'Informatore agrario$d1991 215 $a169 p.$d28 cm 327 1 $a1.: Guida al software agricolo in commercio 1991$a2.: Guida al software agricolo non commerciale 1991 610 0 $aAgricoltura$aInformatica 676 $a630.2085$v23$zita 712 02$aINEA$9 801 0$aIT$bUNINA$gRICA$2UNIMARC 901 $aBK 912 $a990001750440403321 952 $a60 630.208 AGSW 1991-1$b3299$fFAGBC 952 $a60 630.208 AGSW 1991-2$b3300$fFAGBC 959 $aFAGBC 996 $aAgrinformatica 1991$91550896 997 $aUNINA